000 01725nam a2200337 i 4500
001 768714001
003 CO-MdFUSB
005 20220623062546.0
007 ta
008 200602t2009 sp |||| |||| 00| 0 spa d
020 _a9788466324700
040 _aCO-MdFUSB
_bspa
_cCO-MdFUSB
_dCO-MdFUSBC
_erda
041 _aspa
_hger
082 _223
_a833.914
_bM685
100 _eautor
240 _aDer mensch ist ein großer Fasan auf der welt.
245 3 _aEl hombre es un gran faisán en el mundo
_c/ Herta Müller ; traducido por Juan José del Solar
264 1 _aMadrid :
_bPunto de lectura,
_c[2009]
264 4 _c© 2009
300 _a140 páginas
_c; 19 cm
336 _2rdacontent
_atexto
_btxt
337 _2rdamedia
_asin mediación
_bn
338 _2rdacarrier
_avolumen
_bnc
520 _aEl hombre es un gran faisán en el mundo es el perturbador retrato de la desintegración de una comunidad germánica asentada en una Rumanía rural, atrapada en una atmósfera opresiva de insólita dureza. Sus páginas vuelven a plasmar la intensa calidad literaria de Herta Müller, ya revelada en su libro de relatos En tierras bajas (Siruela, 1990 y 2007), que despertó un gran interés en la crítica dentro y fuera de Alemania. Con trazos rotundos y descarnados, Müller esboza la historia de un pueblo y sus habitantes, reflejando su desesperanza cotidiana, sus conflictos, supersticiones y sueños, en un relato transformado en poesía gracias a la viveza de sus imágenes, al ritmo y la modulación de su prosa.
653 _aInmigrantes
653 _aLiteratura alemana.
653 _aNovela alemana.
700 _aSolar, Juan José del. ‎
_etraductor
_94080
942 _cBK
945 _aJTF-925
999 _c65975
_d65975